000 00343nam a2200145Ia 4500
008 150201s2009 xx 000 0 und d
082 _a617.96
_bM09P
100 _aPAUL, A.K.
245 _aMANUAL OF ANESTHESIA
250 _a1ST
260 _bJAYPEE BROTHERS
_aDELHI
_c2009
300 _a1-212
650 _aANAESTHESIOLOGY
942 _2ddc
_cBK
_04
999 _c103
_d103